00760 2200193 4500001002100000005001500021035002000036245017800056100002300234250002000257300004800277856002800325700011900353260003600472082000800508084001400516020002200530600001400552INLIS00000000114832020260430021706 a0010-04260001651 aMEWARNAI ROBOT DAN MONSTER /cPenulis; Narendra Dwi Putra, Penyunting; Arif Ishartadi, Perupa Isi; Narendra Dwi Putra, Penata Isi; Janat Tajri, Perancang Sampul; Janat Tajri0 aNarendra Dwi Putra aCetakan Pertama aiv, 48 :bIlustrasi ;c21 x 28,2 cmeKertas aPerpustakaan Keliling 20 aPenyunting; Arif Ishartadi, Perupa Isi; Narendra Dwi Putra, Penata Isi; Janat Tajri, Perancang Sampul; Janat Tajri aYogyakarta :bPLAYGROUND,c2019 a397 a397 NAR m a978-623-7115-06-9 4aBuku Anak